000
00314nam a22001457a 4500
003
SGT
020
_a
978-1-4087-7693-6
082
_a
628.50
_b
MAN
100
_a
MANAHAN, STANLEY
245
_a
ENVIRONMENTAL CHEMISTRY
250
_a
10
260
_a
BOCATATON
_b
CRC PRESS
_c
2017
300
_a
752
942
_2
ddc
_c
BK
999
_c
22320
_d
22320